000 01167naa a22003857a 4500
001 BR7907472
003 BR-BrBNA
005 20240918174511.0
007 ta
008 230509b bl.||||| |||| 00| 0 por d
040 _aBR-BrBNA
_bpor
_cBiblioteca Nacional de Agricultura
041 _a(Pt)
072 _aL30
_b5100
090 _aL30 BR7907472
100 1 _aTosi, H.
111 1 _aSimposio sobre Equideocultura
_cCampinas, SP (Brazil)
_d7 Nov 1978
245 1 _aAlimentacao e manejo do rebanho equino [nutricao animal]
260 3 _aPiracicaba, SP (Brasil):
_c1979.
500 _aAnais do Simposio sobre Equideocultura Piracicaba, SP (Brasil): 1979. p. 129-147 (BR7907472-AM)L30
650 _aEQUINO
650 _aDIETA
650 _aDIGESTIBILIDADE
650 _aRACAO
650 _aBALANCEAMENTO
650 _aPOTRO
650 _aREPRODUTOR
650 _aALEITAMENTO
650 _aPESO
650 _aCRESCIMENTO
650 _aDESMAMA
650 _aMANEJO
773 0 _tAnais do Simposio sobre Equideocultura
_wL30 BR7907472
_gPiracicaba, SP (Brasil), 1979. p. 129-147
909 _a202404
_bLucia
_c55
_dLucia Elande
942 _cAM
_2AGRIS
999 _c311623
_d311623